東京駅から100kmの自治体 - Statistics

General Stats
  • This quiz has been taken 92 times
  • The average score is 25 of 36
Answer Stats
Hint Answer % Correct
静岡県 伊東市
89%
静岡県 伊豆の国市
89%
静岡県 三島市
89%
群馬県 高崎市
89%
群馬県 前橋市
88%
静岡県 伊豆市
87%
静岡県 御殿場市
87%
埼玉県 秩父市
84%
栃木県 宇都宮市
84%
茨城県 水戸市
83%
静岡県 裾野市
78%
千葉県 銚子市
77%
静岡県 函南町
76%
山梨県 富士吉田市
76%
山梨県 富士河口湖町
76%
群馬県 桐生市
74%
静岡県 長泉町
71%
山梨県 山梨市
71%
栃木県 鹿沼市
70%
山梨県 笛吹市
68%
栃木県 佐野市
68%
静岡県 清水町
66%
群馬県 みどり市
66%
群馬県 富岡市
62%
群馬県 藤岡市
60%
群馬県 下仁田町
59%
栃木県 芳賀町
56%
茨城県 大洗町
56%
群馬県 上野村
54%
栃木県 茂木町
54%
山梨県 鳴沢村
49%
群馬県 神流町
49%
長野県 川上村
46%
栃木県 市貝町
45%
群馬県 甘楽町
44%
茨城県 城里町
44%
No matching quizzes found
Score Distribution
Percent of People with Each Score
Percentile by Number Answered
Your Score History
You have not taken this quiz